00405nam a2200157Ia 4500008004100000020001800041041000800059082001700067100001700084245003600101260004400137300000900181500002000190650002000210700001700230230125s9999 xx 000 0 und d a0-00-715448-8 aeng a920.650bGER aGerstner L V aWho Says Elephants Can't Dance? c2002bHarper Collins PublishersaLondon a372p aCompany profile aCompany Profile aGerstner L V